000 00332 a2200157 4500
001 190752
020 _a85-305-0037-7
040 _cMagnum
100 _aFlora, Anna
240 1 0 _aDono do seu nariz
_lpor
245 1 0 _aDono do seu nariz
300 _a20
362 0 _a1988
697 _aLITERATURA INFANTO-JUVENIL
942 _cBK
999 _c190752
_d190752